<The> substantive law of the EU <the> four freedoms

Gespeichert in:
Bibliographische Detailangaben
1. Verfasser: Barnard, Catherine
Format: Buch
Sprache:Englisch
Veröffentlicht: New York Oxford University Press 2010
Ausgabe:3rd ed.
Schlagworte:
Tags: Tag hinzufügen
Keine Tags, Fügen Sie das erste Tag hinzu!

MARC

LEADER 00000nam a2200000 4500
001 0155409
005 20230109114950.5
020 |a 978-0-19-956224-4 
041 0 |a eng 
044 |a US 
245 1 0 |a <The> substantive law of the EU  |b <the> four freedoms  |c Catherine Barnard 
250 |a 3rd ed. 
264 1 |a New York  |b Oxford University Press  |c 2010 
300 |a 674 s. 
610 2 0 |a predpisy 
610 2 0 |a legislatíva 
610 2 0 |a pohyb tovaru 
610 2 0 |a pohyb síl pracovných 
610 2 0 |a pohyb služieb voľný 
610 2 0 |a pohyb kapitálu 
610 2 0 |a regulácia 
610 2 0 |a obchod voľný 
610 2 0 |a trh vnútorný 
610 2 0 |a Európska únia 
100 1 |a Barnard, Catherine